Have They Won An Oscar - Sudden Death - Statistics

General Stats
  • This quiz has been taken 92 times
  • The average score is 9 of 18
Answers on the Grid
Answers color-coded by a green-red scale on the quiz's grid according to % correct below.
Tom Hanks
Kieran Culkin
Cher
Charlize Theron
Brie Larson
Christopher Nolan
Clint Eastwood
Jodie Foster
Diane Keaton
Tilda Swinton
Marisa Tomei
Hans Zimmer
Ingrid Bergman
Billie Eilish
Bob Dylan
Bruce Springsteen
Walt Disney
Denzel Washington
Samuel L. Jackson
Jim Carrey
Saoirse Ronan
Tom Cruise
Helena Bonham Carter
Bradley Cooper
Scarlet Johansson
Glenn Close
Johnny Depp
Amy Adams
Beyonce
Dolly Parton
 
Answer Stats
Answer % Correct
Tom Hanks
91%
Jodie Foster
69%
Denzel Washington
66%
Clint Eastwood
59%
Cher
57%
Charlize Theron
54%
Kieran Culkin
53%
Brie Larson
51%
Diane Keaton
51%
Marisa Tomei
51%
Walt Disney
50%
Christopher Nolan
47%
Ingrid Bergman
47%
Billie Eilish
43%
Hans Zimmer
40%
Tilda Swinton
38%
Bruce Springsteen
34%
Bob Dylan
24%
No matching quizzes found
Score Distribution
Percent of People with Each Score
Percentile by Number Answered
Your Score History
You have not taken this quiz